Valparaíso, puerto de nostalgia
Gorde:
| Egile nagusia: | |
|---|---|
| Formatua: | Liburua |
| Hizkuntza: | gaztelania |
| Argitaratua: |
Santiago
Zig-Zag
1960
|
| Edizioa: | 2a. ed |
| Saila: | Biblioteca de Novelistas
|
| Gaiak: | |
| Etiketak: |
Etiketa erantsi
Etiketarik gabe, Izan zaitez lehena erregistro honi etiketa jartzen!
|
MARC
| LEADER | 00000nam a2200000 a 4500 | ||
|---|---|---|---|
| 001 | UCT1628 | ||
| 003 | CL-VaPUC | ||
| 008 | 961004e19600000CL |||||||||||||||||spa|d | ||
| 082 | 0 | 4 | |a Ch863 |b REY |2 21 |
| 100 | 0 | |a Reyes, Salvador |e author |9 352822 | |
| 245 | 1 | 0 | |a Valparaíso, puerto de nostalgia |
| 250 | |a 2a. ed | ||
| 300 | |a 205 p | ||
| 651 | 0 | |a Valparaíso, Chile |9 261144 | |
| 942 | |c BK | ||
| 945 | |d 19961004 00:00:00 |a nastorga | ||
| 260 | |a Santiago |b Zig-Zag |c 1960 | ||
| 650 | 0 | |a Novelas chilenas |9 265425 | |
| 583 | |a last modification |c 19961004 00:00:00 |k Rodrigo Vera | ||
| 490 | 0 | |a Biblioteca de Novelistas | |
| 999 | |c 252097 |d 252095 | ||
| 952 | |0 0 |1 0 |4 0 |6 CH_863_000000000000000_REY_1960 |7 0 |8 X |9 271760 |a FDOBUD |b FDOBUD |d 2019-11-19 |i 1011987 |o Ch863 REY 1960 |p 1011987 |r 2019-11-19 |w 2019-11-19 |y BK_X |k BUD | ||